El radar explora la atmósfera /
Guardado en:
| Autor Principal: | |
|---|---|
| Formato: | Libro |
| Publicado: |
Buenos Aires :
Eudeba,
1962
|
| Materias: | |
| Etiquetas: |
Agregar Etiqueta
Sin Etiquetas, Sea el primero en etiquetar este registro!
|
| LEADER | 00701nam a22001815a 4500 | ||
|---|---|---|---|
| 001 | CEM.cems000886 | ||
| 005 | 20060213000000.0 | ||
| 008 | 130507s1962##################000#0#####d | ||
| 003 | CEMS | ||
| 082 | 0 | 4 | |a 623.893 |
| 100 | 1 | |a Battan, Louis J | |
| 245 | 1 | 0 | |a El radar explora la atmósfera / |
| 260 | |a Buenos Aires : |b Eudeba, |c 1962 | ||
| 300 | |a 151 p. | ||
| 505 | 0 | |a Los recursos contra la gravedad.-Un poco de aerodinámica.-El aeroplano. -El motor de aviación.-El dirigible.-Los viajes aéreos.-Los peligros de volar.-La guerra en el aire.-El deporte aéreo.-Entre lo quimérico y la realizable. | |
| 653 | |a Meteorologia | ||
| 653 | |a Radar | ||
| 859 | |a CEMS |b BIB. CEMS - 11 de abril |h 623.893 |i B322 |p 7539.80 |t Ej.1 | ||
